LEADER 01004nam0-22003371i-450- 001 990002516790403321 005 20140224132446.0 010 $a88-453-0415-9 035 $a000251679 035 $aFED01000251679 035 $a(Aleph)000251679FED01 035 $a000251679 100 $a20030910d1990----km-y0itay50------ba 101 0 $aita 102 $aIT 105 $ay-------001yy 200 1 $aMatematica finanziaria$eoperazioni semplici e complesse, ammortamenti, piani di risparmio, valutazioni, leasing, indicizzazione, selezione di piano d'investimento$fMario Trovato 210 $aMilano$cEtas libri$d1990 215 $axiii, 655 p.$d25 cm 610 0 $aMatematica finanziaria 676 $a519 700 1$aTrovato,$bMario$016391 801 0$aIT$bUNINA$gRICA$2UNIMARC 901 $aBK 912 $a990002516790403321 952 $aXV I 259$b9581$fDTE 952 $aMIV-B-131$b1480$fMAS 959 $aMAS 959 $aDTE 996 $aMatematica finanziaria$961139 997 $aUNINA LEADER 00734nam0-2200253 --450 001 9910297360003321 005 20190107112105.0 010 $a978-0-300-21906-7 100 $a20190107d2017----kmuy0itay5050----ba 101 0 $aeng 102 $aUS 200 1 $aAnother world$enineteenth-century illustrated print culture$fPatricia Mainardi 210 1$aNew Haven$bYale University Press,$c2017 215 $avii, 296 p.$cill.$d26 cm 610 0 $aStampe$aSec. 19 676 $a002.09$v23$zita 700 1$aMainardi,$bPatricia$0761277 801 0$aIT$bUNINA$gREICAT$2UNIMARC 901 $aBK 912 $a9910297360003321 952 $aXXX Cod. 1097$b3301/18$fFSPBC 959 $aFSPBC 996 $aAnother world$91541209 997 $aUNINA